000 00503nam a22001937a 4500
005 20260410093953.0
008 260410b |||||||| |||| 00| 0 eng d
020 _a978-93-5849-622-2
_c230.00
040 _aMAIN
041 _aeng
082 _a307.72
_bBHU
100 _aBhuyan, Dilip Kumar
_dBordoloi, Moushumi
245 _aRural Sociology
_cBy Dilip Kumar Bhuyan.
250 _a1st ed.
260 _aDibrugarh:
_bBanalata;
_c2026.
300 _a256p.
650 _aSociology
942 _2ddc
_cBK
999 _c16340
_d16340